Lacan. Le sujet : La formation du concept de sujet, 1932-1949 (notice n° 2184455)

détails MARC
000 -LEADER
fixed length control field 00925cam a2200133 4500500
005 - DATE AND TIME OF LATEST TRANSACTION
control field 20260405052329.0
041 ## - LANGUAGE CODE
Language code of text/sound track or separate title fre
042 ## - AUTHENTICATION CODE
Authentication code dc
100 10 - MAIN ENTRY--PERSONAL NAME
Personal name Ogilvie, Bertrand
Relator term author
245 00 - TITLE STATEMENT
Title Lacan. Le sujet : La formation du concept de sujet, 1932-1949
260 ## - PUBLICATION, DISTRIBUTION, ETC.
Name of publisher, distributor, etc. Presses Universitaires de France,<br/>
Date of publication, distribution, etc. 2005.<br/>
520 ## - SUMMARY, ETC.
Summary, etc. Réputés difficiles, les textes de Lacan intriguent et en même temps attirent de par l’objet de ces textes et du style de l’œuvre. Selon l’auteur, Lacan parle de l’inconscient et du désir dans des termes qui rebutent la conscience ordinaire, mais en cela il ne fait rien d’autre que de tenir à chacun le discours de son inconscient. Ce petit livre montre que ces textes sont lisibles, que Lacan s’est posé la question du «sujet» dont l’auteur explique la genèse.
856 41 - ELECTRONIC LOCATION AND ACCESS
Uniform Resource Identifier <a href="https://shs.cairn.info/lacan-le-sujet--9782130549307?lang=fr&redirect-ssocas=7080">https://shs.cairn.info/lacan-le-sujet--9782130549307?lang=fr&redirect-ssocas=7080</a>

Pas d'exemplaire disponible.

PLUDOC

PLUDOC est la plateforme unique et centralisée de gestion des bibliothèques physiques et numériques de Guinée administré par le CEDUST. Elle est la plus grande base de données de ressources documentaires pour les Étudiants, Enseignants chercheurs et Chercheurs de Guinée.

Adresse

627 919 101/664 919 101

25 boulevard du commerce
Kaloum, Conakry, Guinée

Réseaux sociaux

Powered by Netsen Group @ 2025